000
00332nam a2200145Ia 4500
005
20251222143205.0
008
251222s9999||||xx |||||||||||||| ||spa||
020
_a
84-7162-049-9
082
_a
415/B45
100
_a
Berenguer Amenós, Jaime
245
0
_a
Gramítica Griega
250
_a
33a.ed.
264
_b
Bosch
942
_c
LIB
999
_c
13234
_d
13234